MARC

LEADER 00000nam0a2200000 4500
001 195920
005 20231031182931.0
035 |a (RuTPU)RU\TPU\book\213735 
090 |a 195920 
100 |a 20110517d1973 m y0rusy50 ca 
101 0 |a rus 
102 |a RU 
105 |a a j 001zy 
200 1 |a Высшая математика  |e учебник  |f Н. А. Сахарников  |g Ленинградский государственный университет (ЛГУ) 
210 |a Ленинград  |c Изд-во Ленинградского ун-та  |d 1973 
215 |a 472 с.  |c черт. 
320 |a Библиогр.: с. 461. 
320 |a Предметный указатель: с. 461-467. 
610 1 |a высшая математика 
610 1 |a учебники 
610 1 |a математический анализ 
610 1 |a аналитическая геометрия 
610 1 |a теория вероятностей 
610 1 |a естествознание 
675 |a 51(075.8)  |v 3 
700 1 |a Сахарников  |b Н. А.  |g Николай Алексеевич 
712 0 2 |a Ленинградский государственный университет (ЛГУ)  |c (1924-1991)  |2 stltpush  |3 (RuTPU)RU\TPU\col\77 
801 1 |a RU  |b 63413507  |c 20110517 
801 2 |a RU  |b 63413507  |c 20220310  |g RCR 
942 |c BK